Т. 2 : 1929-1934; Избранные произведения

Xehetasun bibliografikoak
Parent link:Избранные произведения: в 2 т./ В. В. Куйбышев; Институт марксизма-ленинизма (ИМЛ). Т. 2 1929-1934.— , 1988
Hizkuntza:errusiera
Argitaratua: 1988
Gaiak:
Formatua: MixedMaterials Liburua
KOHA link:https://koha.lib.tpu.ru/cgi-bin/koha/opac-detail.pl?biblionumber=259109

MARC

LEADER 00000nam2a2200000 4500
001 259109
005 20231101233345.0
010 |a 5250001505 
020 |a RU  |b 88-21050 
035 |a (RuTPU)RU\TPU\book\282018 
090 |a 259109 
100 |a 20140505d1988 k y0rusy5003 ca 
101 0 |a rus 
102 |a RU 
105 |a c z 001zb 
200 0 |a Т. 2 : 1929-1934 
210 |d 1988 
215 |d 463 с.  |c ил. 
461 1 |0 (RuTPU)RU\TPU\book\305565  |t Избранные произведения   |o в 2 т.  |f В. В. Куйбышев  |g Институт марксизма-ленинизма (ИМЛ)  |v Т. 2 1929-1934  |d 1988 
600 1 |a Куйбышев  |b В. В.  |c советский государственный и партийный деятель  |f 1888-1935  |g Валериан Владимирович  |2 stltpush  |3 (RuTPU)RU\TPU\pers\12373  |9 3383 
606 1 |a Персоналии деятелей КПСС  |x История  |2 stltpush  |3 (RuTPU)RU\TPU\subj\48642  |9 67493 
610 1 |a КПСС 
610 1 |a экономическая политика 
610 1 |a история 
610 1 |a политические деятели 
610 1 |a государственные деятели 
610 1 |a 20 век 
686 |a Ф61(2)8  |2 rubbk 
801 0 |a RU  |b RuMRKP  |c 19950417  |g psbo 
801 1 |a RU  |b 63413507  |c 20140505 
801 2 |a RU  |b 63413507  |c 20160401  |g RCR 
942 |c BK